000 00727cam a2200121 4500500
005 20251017183510.0
041 _afre
042 _adc
245 0 0 _aTous des harcelés ? : Éléments de réponse
260 _bArmand Colin,
_c2010.
520 _aCet essai livre une vision inédite du harcèlement en tant que révélateur de dérives pernicieuses qu’engendre une société en perte de repères, d’autorité et du sens de la responsabilité. Il est préparé par la fragilisation des existences individuelles et la mise à mal du lien collectif, au sein d’un système où tout le monde devient victime.
856 4 1 _uhttps://shs.cairn.info/tous-des-harceles--9782200248628?lang=fr&redirect-ssocas=7080
999 _c1550718
_d1550718